Severe functional difficulties and disabilities in children and adolescents and the sustainable development goals /
El artículo tiene como objetivo reportar la prevalencia de problemas severos de funcionamiento y discapacidad (CFD) en una muestra representativa de niños y niñas de 2 a 17 años en México y describir las inequidades enfrentadas por los niños y niñas con CFD respecto a un conjunto de indicadores rela...
Sparad:
| Huvudupphovsman: | |
|---|---|
| Övriga upphovsmän: | , , , |
| Materialtyp: | Bok |
| Språk: | English |
| Ämnen: | |
| Taggar: |
Lägg till en tagg
Inga taggar, Lägg till första taggen!
|
MARC
| LEADER | 00000nam a22000007a 4500 | ||
|---|---|---|---|
| 003 | cru CIDCACS/IIS | ||
| 005 | 20180519062532.0 | ||
| 007 | ta | ||
| 008 | 171116s2017 mx |||p|r|||| 00| 0 eng d | ||
| 999 | |c 40610 |d 40610 | ||
| 040 | |c cru CIDCACS/IIS | ||
| 100 | 1 | |9 5986 |a Castro, Filipa de | |
| 245 | 1 | |a Severe functional difficulties and disabilities in children and adolescents and the sustainable development goals / |c Filipa de Castro, Celia Hubert, Erika Strand, Eva Prado, Ariela Braverman | |
| 300 | |a página 354-360: |b tablas, gráficos | ||
| 520 | |a El artículo tiene como objetivo reportar la prevalencia de problemas severos de funcionamiento y discapacidad (CFD) en una muestra representativa de niños y niñas de 2 a 17 años en México y describir las inequidades enfrentadas por los niños y niñas con CFD respecto a un conjunto de indicadores relacionados con los objetivos de desarrollo sustentable (ODS). A partir de datos de la Encuesta Nacional de Niñas, Niños y Mujeres en México, se estiman prevalencias e intervalos de confianza al 95% para indicadores seleccionados. Se usa prueba de Ji cuadrada e intervalos de confianza para reportar diferencias significativas entre niños/as con y sin CFD. Entre los resultados se encuentra que 8% de los niños presentan al menos un CFD. Los CFD se asocian con mayor prevalencia de bajo peso y trabajo infantil, y con menor prevalencia de desarrollo infantil temprano adecuado. Se concluye que los niños con CFD presentan resultados desventajosos y requieren esfuerzos enfocados que garanticen el alcance de las metas de salud y bienestar en el contexto de los ODS. KDV/190118 | ||
| 650 | 1 | 0 | |9 77 |a DESIGUALDAD SOCIAL |
| 650 | 1 | 0 | |9 2049 |a DESARROLLO SOSTENIBLE |
| 650 | 1 | 0 | |9 1440 |a TRABAJO DE MENORES |
| 650 | 0 | |9 6432 |a DISCAPACIDAD | |
| 650 | 1 | 0 | |9 4330 |a ONU |
| 650 | 0 | |9 6354 |a ENCUESTAS | |
| 650 | 0 | |9 3201 |a NIÑOS | |
| 650 | 1 | 0 | |9 4716 |a DESARROLLO DEL NINO |
| 650 | 1 | 0 | |9 2449 |a SALUD |
| 651 | 1 | 0 | |a MEXICO |9 3410 |
| 700 | 1 | |9 5988 |a Hubert, Celia | |
| 700 | 1 | |9 5989 |a Strand, Erika | |
| 700 | 1 | |9 5990 |a Prado, Eva | |
| 700 | 1 | |9 5987 |a Braverman, Ariela | |
| 773 | 0 | |0 19284 |9 1572 |a Instituto Nacional de Salud Pública (México) |d México: Instituto Nacional de Salud Pública |o 18343 |t Salud Pública de México / |x 00363634 | |
| 942 | |2 ddc |c PP | ||
